000 01037cam a2200265 a 4500
001 2615573
005 20250603130139.0
008 980522s1998 caua b 001 0 eng
020 _a0787941980 (alk. paper)
050 0 0 _aBV900
_b.W55 1998
082 0 0 _a250
_221
100 1 _aWillmer, Wesley Kenneth.
245 1 4 _aThe prospering parachurch :
_benlarging the boundaries of god's kingdom /
_cWesley K. Willmer, J. David Schmidt with Martyn Smith.
250 _a1st ed.
260 _aSan Francisco, Calif. :
_bJossey-Bass,
_cc1998.
300 _axviii, 232 p. :
_bill. ;
_c24 cm.
650 0 _aReligious institutions.
650 0 _aChurch.
700 1 _aSchmidt, J. David
_q(John David)
700 1 _aSmith, Martyn.
856 4 2 _3Contributor biographical information
_uhttp://www.loc.gov/catdir/bios/wiley046/98025331.html
856 4 2 _3Publisher description
_uhttp://www.loc.gov/catdir/description/wiley0310/98025331.html
856 4 _3Table of Contents
_uhttp://www.loc.gov/catdir/toc/onix07/98025331.html
942 _2lcc
_cBK
_n0
999 _c6210
_d6210